000 02395nam a22003617a 4500
001 BRCA_9203
003 FranzMayer
005 20220809134736.0
008 220714b |||||||| |||| 00| 0 eng d
020 _a9780268108052
_qTapa dura
040 _bspa
_cMFM
041 _aeng
050 0 0 _aNK4850
_b.S73 2021
100 1 _aStanfield-Mazzi, Maya Selama,‏
_d1972-
_928452
245 1 0 _aClothing the New World Church :
_bliturgical textiles of Spanish America, 1520-1820 /
_cMaya Stanfield-Mazzi
246 3 0 _aLiturgical textiles of Spanish America, 1520-1820
264 1 _aNotre Dame, Indiana :
_bUniversity of Notre Dame Press,
_c[2021]
264 4 _c©2021
300 _axxi, 408 p. :
_bil., fot., map. ;
_c18.5 x 26 cm.
336 _atext
_btxt
_2rdacontent
336 _astill image
_bsti
_2rdacontent
337 _aunmediated
_bn
_2rdamedia
338 _avolume
_bnc
_2rdacarrier
500 _aUbicación: L59-N5
500 _aIncluye imágenes de piezas del Museo Franz Mayer (pp. 97-99)
504 _aBibliografía: pp. 351-374
520 _aEl libro brinda el primer estudio amplio de los textiles eclesiásticos de Hispanoamérica y demuestra que, aunque se les pasó por alto, los textiles eran una parte vital de la cultura visual en la Iglesia Católica. Cuando se construyeron las iglesias católicas en el Nuevo Mundo en el siglo XVI, estaban equipados con ricos textiles conocidos como "ropa de iglesia". Estos ornamentos textiles cubrían los altares, escaleras, pisos y paredes de las iglesias. Las vestiduras vestían a los sacerdotes y asistentes de las iglesias. El valor atribuido a estos textiles, su uso constante, y sus asombrosas cualidades visuales sugieren que desempeñaron un papel mucho más importante en la creación de la Iglesia latinoamericana de lo que se ha reconocido previamente. Stanfield-Mazzi profundiza en las cualidades híbridas o mestizas de estas telas y argumenta que cuando los tejedores o bordadores locales en las Américas crearon textiles para iglesias lo hicieron conscientemente, entendiendo que estaban creando una nueva iglesia a través de su trabajo.
_cProporcionado por el editor.
650 0 _aTextiles
_xHistoria
_911400
650 0 _aVestiduras litúrgicas
_zAmérica Latina
_xArte
_xHistoria
_928453
650 0 _aArte y simbolismo cristiano
_zAmérica Latina
_xHistoria
_928454
942 _2lcc
_cB
999 _c10822
_d10822